〈Minecraft〉ピグリンとの物々交換 - Statistics

General Stats
  • This quiz has been taken 26 times
  • The average score is 8 of 31
Answer Stats
確率% 個数 Answer % Correct
現在 2.13 2~4 エンダーパール
90%
現在 8.53 1 黒曜石
55%
現在 1.7 1 耐火のポーション
50%
現在 8.53 1~3 泣く黒曜石
50%
現在 4.26 3~9
45%
現在 8.53 8~16 砂利
45%
現在 8.53 8~16 ブラックストーン
45%
現在 2.13 1 乾燥したガスト
35%
現在 1.07 1 エンチャントの本(ソウルスピードⅠ~Ⅲ)
30%
現在 1.7 1 鉄のブーツ(ソウルスピードⅠ~Ⅲ)
30%
過去 - 3~8 火打石
30%
現在 8.53 6~12 光の矢(java版のみ)
30%
現在 4.26 5~12 ネザークォーツ
25%
現在 8.53 2~8 ソウルサンド
25%
現在 8.53 2~8 ネザーレンガ
25%
現在 1.7 1 耐火のスプラッシュポーション
20%
現在 2.13 1 水入り瓶
20%
現在 8.53 1 ファイヤーチャージ
20%
過去 - 2~4 グロウストーンダスト
20%
過去 - 2~5 生の豚肉
20%
現在 8.53 2~4
15%
過去 - 1~3 マグマクリーム
15%
過去 - 4~12 腐った肉
15%
現在 2.13 10~36 鉄塊
10%
過去 - 1~4 赤色のキノコ
10%
過去 - 1~4 茶色のキノコ
10%
過去 - 1 歪んだナイリウム
5%
過去 - 1 シュルームライト
5%
過去 - 1~2 歪んだキノコ
5%
過去 - 1~4 真紅のキノコ
5%
過去 - 1 ネザライトのクワ
0%
No matching quizzes found
Score Distribution
Percent of People with Each Score
Percentile by Number Answered
Your Score History
You have not taken this quiz